000 00361nam a2200133Ia 4500
008 220204s9999 xx 000 0 und d
082 _a579.6
_bADV.21;1
245 0 _aAdvances in applied microbiology. V 21
260 _aNew York
_bAcademic
_c1977
650 _aAntibiotic biosynthesis
650 _aApplied microbiology
650 _aFermentation
942 _cBK
999 _c26009
_d26009